00969ntm a22002177a 450000500170000000800410001704000280005808200170008610000360010324501550013926000100029430000400030450001870034459000170053165000450054865300230059365500090061694200080062599900170063395201010065020170810125551.0170802s2013 xx a frb 000 0 eng d aEG-ScBUEbengcEG-ScBUE04222a621bMEL1 aMeligy, Tarek Ali Mohammed Ali.10aFabrication and mechanical characterisation of hybrid Sic-Gr-Al203 nano-particles dispersed in polymer composites /cTarek Ali Mohammed Ali El-Meligy. c2013. axi, 78 p. : bill. (col.) ;c28 cm. aA dissertation submitted to the faculty of engineering. the British university in egypt, in partial fulfillment of the requirements for the bachelor degree in mechanical engineering. abasant mousa 72BUEshaMechanical Engineering.vProjects bENGMECcAugust2017 vSPRO 2ddc c25246d25218 00102ddc4070aMAINbMAINc2NDd2017-08-08l0o621 MELp000046644r2025-07-15 00:00:00yPROJST